000 01681nam a22002893 4500
001 32163
003 BD-RjUL
005 20211209051809.0
008 140424t1735 enk|||| s 001|||eng d
035 _a(BD-RjUL)32252
040 _aUk-ES
_cUk-ES
_dCu-RivES
_dCStRLIN
_dThomson Gale
_dBD-RjUL
_beng
041 _aeng
082 0 4 _a259.1
_bCAH 1735
100 1 _aCare, Henry,
_d1646-1688.
_997889
245 1 4 _aThe history of Popery :
_b with such alterations of phrase, as may be more suitable to the taste of this age; and such additions, as may improve the history, strengthen the argument, and better accommodate it to the present state of Popery in Great-Britain. By several gentlemen /
260 _aLondon :
_bprinted for J. Oswald,
_c1735.
300 _a481 p. :
_bill. ;
_c24 cm.
500 _aTitlepages in red and black.
500 _aThe titlepage of vol.2 reads in addition: 'To which is added, a supplement, carrying on the history to the end of the Council of Trent. .. ' - An edited collection of papers originally published in periodical form as 'A pacquet of advice from Rome' and later 'The weekly pacquet of advice from Rome' (1678-1683) and attributed to Henry Care.
500 _aReproduction of original from the British Library.
504 _aincludes index.
505 0 1 _aVol.1-- V. 2 --
510 4 _aEnglish Short Title Catalog,
_cESTCT68824.
650 1 7 _a Catholic Church -
_v- Doctrines --
_zGreat Britain -- Early
_997890
856 4 0 _uhttp://galenet.galegroup.com/servlet/ECCO?c=1&stp=Author&ste=11&af=BN&ae=T068824&tiPG=1&dd=0&dc=flc&docNum=CW117367447&vrsn=1.0&srchtp=a&d4=0.33&n=10&SU=0LRF&locID=oxford
_zFull text online
942 _2ddc
_cBK
999 _c32163
_d32163